5-literowy łańcuch geograficzny #1 - Statystyki

Ogólne statystyki
  • Ten quiz został rozwiązany 34 razy
    19 od ostatniego zresetowania
  • Średni wynik to 13 z 20
Statystyki odpowiedzi
Hint Odpowiedź % Poprawnych
Drugie co do liczby ludności miasto województwa Mazowieckiego Radom
94%
Stolica Maroko Rabat
88%
Państwo z drzewem cedrowym na fladze Liban
81%
Państwo słynne z Himalajów Nepal
81%
Rzeka, która przepływa przez stolice Nigru Niger
81%
Lasy iglaste występujące na półkuli północnej Tajga
81%
Miejscowość, w której znajduje się park Energylandia Zator
81%
Nazwa traktoru produkowanego w jednej z dzielnic Warszawy Ursus
75%
Nazwa greckiej Wyspy Rodos
69%
Stolica Jordanii Amman
63%
Pasmo górskie w północnej Afryce Atlas
63%
Państwo w Oceanii Samoa
63%
Była nazwa Eswatini Suazi
63%
Hiszpańska wyspa na Morzu Śródziemnym Ibiza
56%
Państwo niepodległe w latach 1912–1951, obecnie region Chin Tybet
50%
Stan USA, którego jedynym sąsiadem jest New Hampshire Maine
44%
Najmniejsza republika świata Nauru
44%
Miasto,które jest siedziba klubu, w którym występował Kamil Glik Turyn
44%
Państwo o numerze kierunkowym +20 Egipt
31%
Członek konserwatywnej, protestanckiej wspólnoty ze Szwajcarii Amisz
19%
Nie znaleziono quizów pasujących do podanych kryteriów
Rozkład punktacji
Procent ludzi z każdym wynikiem
Percentyl według liczby udzielonych odpowiedzi
Twoja historia wyników
Nie rozwiązałeś tego quizu od ostatniego zresetowania